Cuadros económico financieros mediante procesamiento electrónico de datos

সংরক্ষণ করুন:
গ্রন্থ-পঞ্জীর বিবরন
প্রধান লেখক: Bermúdez Méndez, Rodolfo
বিন্যাস: অজ্ঞাত
প্রকাশিত: [San José, Costa Rica] 1974
বিষয়গুলি:
ট্যাগগুলো: ট্যাগ যুক্ত করুন
কোনো ট্যাগ নেই, প্রথমজন হিসাবে ট্যাগ করুন!

MARC

LEADER 00000 a2200000 4500
003 011459
005 20221231143820.0
008 140114s1974 c a m 000 ||s d
040 |c cru CEDI 
090 |a TFG 540 
100 |a Bermúdez Méndez, Rodolfo  |9 16668 
245 |a Cuadros económico financieros mediante procesamiento electrónico de datos 
260 |c 1974  |a [San José, Costa Rica] 
300 |a  117 hojas : cuadros (algunas plegables en bolsa adjunta)  
500 |a  Tesis (Ingeniero Civil) Universidad de Costa Rica  
650 |x CONTABILIDAD   |x PROCESAMIENTO DE DATOS   |x  AUTOMATIZACION  |9 16669 
942 |c TFG 
999 |c 12417  |d 12417